000
00299nam a22001337a 4500
008
180226b xxu||||| |||| 00| 0 eng d
020
_a
9781936948123
041
_a
eng
080
_a
336
100
_a
56
101
_a
FIN
245
_a
Foundations in personal finance
_c
Ramsey,D
942
_2
udc
_c
BK
999
_c
43428
_d
43428